| 000 | 03036njm a2200433Ia 4500 | ||
|---|---|---|---|
| 001 | 25920 | ||
| 003 | IT-RoPAU | ||
| 005 | 20220918181118.0 | ||
| 008 | 131025s9999 xx 000 0 und d | ||
| 040 | _aIT-RoPAU | ||
| 040 | _cIT-RoPAU | ||
| 999 |
_c99562 _d99562 |
||
| 999 | _bn.d. | ||
| 100 |
_aAA.VV. _9794 |
||
| 100 |
_eAutore musica _914899 |
||
| 100 |
_gCodice autore musica SPICS: 12000 _9796 |
||
| 245 | _aClockwork Orange | ||
| 250 | _a1a ed. | ||
| 260 | _aMILANO | ||
| 260 |
_bWEA ITALIANA _c1972 [1a Ed.:1972] |
||
| 300 | _aDISCO | ||
| 300 | _c47 minuti (Testo: pag.) | ||
| 500 | _aColonna sonora. Musica da film | ||
| 505 | _aTitle Music From a Clockwork Orange (3:00) - The Thieving Magpie-Abridged (6:00) - Theme From a Clockwork Orange: Beethoviana (2:00) - Ninth Symphony, Second Movement-Abridged (4:00) - March From a Clockwork Orange-9 Sinf 4 mov-Abridged (7:00) - William Tell Overture-Abridged (2:00) - Pomp and Circumstance March n 1 (5:00) - Pomp and Circumstance March n. IV-Abridged (2:00) - Timesteps-Excerpt (5:00) - Overture To the Sun (2:00) - I Want To Marry A Lighthouse Keeper (4:00) - William Tell Overture-Abridged (3:00) - Suicide Scherzo-9 Sinf 2 mov-Abridged (4:00) - Ninth Symphony, Four Movement-Abridged (2:00) - Singin' In the Rain (3:00) | ||
| 511 | _aCarlos Walter | ||
| 511 | _aEigen Erika | ||
| 511 | _aKelly Gene | ||
| 650 |
_aCOLONNA SONORA [DISCHI] _eCodice MATERIA SPICS: 9950 _914900 |
||
| 700 |
_aPurcell Henry _dCodice autore musica SPICS: 11083 _eAutore musica _pTitle Music From A Clockwork Orange _914901 |
||
| 700 |
_aCarlos Walter _dCodice autore musica SPICS: 7930 _eAutore musica _pTitle Music From A Clockwork Orange - Theme From a Clockwork Orange: Beethoviana - March From a Clockwork Orange-9 Sinf 4 mov-Abridged - Timesteps-Excerpt _914902 |
||
| 700 |
_aElkind Rachel _dCodice autoremusica SPICS: 13270 _eAutore musica _pTitle Music From A Clockwork Orange - Theme From a Clockwork Orange: Beethoviana _914903 |
||
| 700 |
_aRossini Gioachino _dCodice autore musica SPICS: 11125 _eAutore musica _pThe Thieving Magpie-Abridged - William Tell Overture-Abridged - William Tell Overture-Abridged _914904 |
||
| 700 |
_aBeethoven Ludwig Van _dCodice autore musica SPICS: 10721 _eAutore musica _pNinth Symphony, Second Movement-Abridged - March From a Clockwork Orange-9 Sinf 4 mov-Abridged - Suicide Scherzo-9 Sinf 2 Mov-Abridged - Ninth Symphony, Four Movement-Abridged _914905 |
||
| 700 |
_aElgar Edward _dCodice autore musica SPICS: 10874 _eAutore musica _pPomp and Circumstance March n 1 - Pomp and Circumstance March n. IV-Abridged _914906 |
||
| 700 |
_aTucker Terry _dCodice autore musica SPICS: 15978 _eAutore musica _pOverture To the Sun _914907 |
||
| 700 |
_aEigen Erika _dCodice autore musica SPICS: 15979 _eAutore musica _pI Want To Marry A Lighthouse Keeper _914908 |
||
| 700 |
_aFreed Arthur _dCodice autore musica SPICS: 15706 _eAutore musica _pSingin' In the Rain _914909 |
||
| 700 |
_aHerb Brown Nacio _dCodice autore SPICS: 15980 _eAutore _pSingin' In the Rain _914910 |
||
| 942 |
_cMD _2ddc |
||